Kala bazar / (Record no. 45596)

MARC details
000 -LEADER
fixed length control field 01104njm a22002897a 4500
005 - DATE AND TIME OF LATEST TRANSACTION
control field 20100913100347.0
007 - PHYSICAL DESCRIPTION FIXED FIELD--GENERAL INFORMATION
fixed length control field sd ammalaaahaa
008 - FIXED-LENGTH DATA ELEMENTS--GENERAL INFORMATION
fixed length control field 100913t xxu||||| |||| 00| 0 hin d
028 ## - PUBLISHER NUMBER
Publisher number TAE. 1028
Source ODEON
035 ## - SYSTEM CONTROL NUMBER
System control number GR-02380
040 ## - CATALOGING SOURCE
Original cataloging agency SED/VEN
100 ## - MAIN ENTRY--PERSONAL NAME
Personal name Mohd. Rafi
9 (RLIN) 19606
245 ## - TITLE STATEMENT
Title Kala bazar /
Statement of responsibility, etc by Mohd. Rafi ; music by S. D. Burman ; lyric by Shailendra
Medium [sound recording] :
246 ## - VARYING FORM OF TITLE
Title proper/short title काला बाज़ार (मोहमद. रफ़ी )
260 ## - PUBLICATION, DISTRIBUTION, ETC. (IMPRINT)
Place of publication, distribution, etc Dum Dum, India
Name of publisher, distributor, etc ODEON
Date of publication, distribution, etc n. d.
300 ## - PHYSICAL DESCRIPTION
Extent 1 sound disc [Gramophone record] :
Other physical details analog, 45 rpm
Dimensions 7 in.
Type of unit Gramophone record
500 ## - GENERAL NOTE
General note Brief record.
500 ## - GENERAL NOTE
General note ODEON
500 ## - GENERAL NOTE
General note Black
500 ## - GENERAL NOTE
General note Extended Play
505 ## - FORMATTED CONTENTS NOTE
Formatted contents note Part 1 Khoya khoya chand (Mohd. Rafi) खोया खोया चाँद, Part 2 Apni to har aah अपनी तो हर आह
Statement of responsibility
650 ## - SUBJECT ADDED ENTRY--TOPICAL TERM
Topical term or geographic name as entry element Classical Music
General subdivision Excerpts
Geographic subdivision India
9 (RLIN) 19607
700 ## - ADDED ENTRY--PERSONAL NAME
Personal name Burman, S. D.
9 (RLIN) 1184
700 ## - ADDED ENTRY--PERSONAL NAME
Personal name Shailendra
9 (RLIN) 19798
942 ## - ADDED ENTRY ELEMENTS (KOHA)
Source of classification or shelving scheme Dewey Decimal Classification
Item type Gramaphone Records
Holdings
Withdrawn status Lost status Source of classification or shelving scheme Damaged status Not for loan Home library Current library Date acquired Source of acquisition Total Checkouts Barcode Date last seen Copy number Price effective from Koha item type
    Dewey Decimal Classification   Not For Loan Central Library Central Library 14/09/2010 SED/VEN   GR-02380 14/09/2010 1 14/09/2010 Gramaphone Records

© Delhi Public Library
Hit Counter
free hit counter